00794cam a22002293u 450000100090000000300040000900500170001300600190003000700150004900800410006402000180010502000150012303500260013804000320016410000450019621000390024124500810028050000330036150600430039477300220043785601050045911353068OSt20170105113052.0m d cr n 150401s2010 ||||||||s|||||||| ||||| d a9780070680739 a0070680736 a(WaSeSS)ssib020868181 aWaSeSScWaSeSSdWaSeSSerda1 aPrakash Hiralal Joshi, DME, AMIE (India)10aJigs and Fixtures, Third Edition /10aJigs and Fixtures, Third Edition /cPrakash Hiralal Joshi, DME, AMIE (India) aTitle from content provider. aLicense restrictions may limit access. 0tAccessEngineering40uhttp://www.columbia.edu/cgi-bin/cul/resolve?clio11353068zFull text available from AccessEngineering